000
00217nam a22000857a 4500
008
170130b xxu||||| |||| 00| 0 eng d
100
_9
2640
_a
Ridout.C.J
245
_a
The Path English-OBR
260
_a
New delhi
_b
S.Chand
_c
2011
999
_c
5785
_d
5785